'B' Animals Vegetables Minerals Quiz Stats

 Plays Quiz not verified by Sporcle

Challenge
Share
Tweet
Embed
Score 0/21 Timer 05:00
0 Plays Today
Hint Answer % Correct
Vegetable (& Fruit)Bean
92.2%
AnimalBear
87.4%
Vegetable (& Fruit)Banana
85%
AnimalBeagle
81.2%
MineralBoron
74.7%
MineralBarium
74.7%
Vegetable (& Fruit)Brussels
74.5%
MineralBromine
60.5%
AnimalBandicoot
60.4%
AnimalBulldog
60.1%
Vegetable (& Fruit)Bok Choy
56.7%
Hint Answer % Correct
MineralBeryllium
53%
MineralBismuth
51%
AnimalBuffalo
32.7%
Vegetable (& Fruit)Broccoli
32.6%
MineralBerkelium
28%
AnimalBison
27.6%
AnimalBadger
27.3%
Vegetable (& Fruit)Beet
26.2%
MineralBohrium
24.8%
Vegetable (& Fruit)Blueberry
21.6%

You're not logged in!

Compare scores with friends on all Sporcle quizzes.
Join for Free
OR
Log In

You Might Also Like...

Show Comments

Extras

Top Quizzes Today


Score Distribution

Your Account Isn't Verified!

In order to create a playlist on Sporcle, you need to verify the email address you used during registration. Go to your Sporcle Settings to finish the process.

Report this User

Report this user for behavior that violates our Community Guidelines.

Details: